[Event "Challenge"]
[Site "http://www.queenalice.com/game.php?id=1642916"]
[Date "2021.2.8"]
[Round "-"]
[White "Renie"]
[Black "Rovigo"]
[Result "0-1"]
[WhiteElo "1145"]
[BlackElo "1420"]

1. c4 e5 2. a3 d6 3. Nc3 Nf6 4. d3 Nc6 5. g3 Bg4 6. Bg2 Nd4 7. Bxb7 Rb8 8. Bg2
a5 9. h3 Bf5 10. Bg5 Rxb2 11. Nd5 Nc2+ 12. Kf1 Nxa1 13. Qxa1 Qb8 14. Nc3 Qb3 15.
Qc1 Rc2 16. Bc6+ Bd7 17. Bxd7+ Nxd7 18. Bd2 Rxc1+ 19. Bxc1 Qc2 20. Nb5 Qxc1+ 21.
Kg2 g6 22. Nxc7+ Kd8 23. Nf3 Qxa3 24. Nd5 Nc5 25. Ng5 Ke8 26. Nc7+ Kd7 27. Nd5
Be7 28. Nxf7 Rf8 29. Nh6 e4 30. Nb6+ Kc6 31. Nd5 Qb2 32. Nxe7+ Kd7 33. Nd5 Qd4
34. Rc1 Qxf2+ 35. Kh1 Qxg3 36. Ng4 h5 37. Rg1 Rf1 38. Ngf6+ Kd8 39. Nxe4 Qxg1#
0-1

[Event "Challenge"]
[Site "http://www.queenalice.com/game.php?id=1643166"]
[Date "2021.2.10"]
[Round "-"]
[White "Racey"]
[Black "Rovigo"]
[Result "1-0"]
[WhiteElo "1573"]
[BlackElo "1433"]

1. e4 e5 2. Bc4 Nf6 3. Nc3 Bb4 4. Nd5 Nxd5 5. exd5 d6 6. a4 h5 7. a5 Bg4 8. f3
Bc5 9. Ne2 Qh4+ 10. g3 Qf6 11. f4 Bxe2 12. Qxe2 h4 13. Qf3 b6 14. a6 Qg6 15.
Bb5+ Kf8 16. f5 Qh5 17. g4 Qg5 18. c4 Qf4 19. Qe2 Bf2+ 20. Qxf2 Qe4+ 21. Kd1
Qxh1+ 22. Kc2 Qe4+ 23. d3 Qd4 24. Qe2 g6 25. f6 c6 26. dxc6 d5 27. c7 Nxa6 28.
Bxa6 b5 29. Bb7 bxc4 30. Bxa8 Qc5 31. g5 cxd3+ 32. Kxd3 e4+ 33. Kd2 Qd4+ 34. Ke1
Qg1+ 35. Kd2 Qd4+ 36. Ke1 Qg1+ 37. Qf1 Qc5 38. Bf4 Qb4+ 39. Bd2 Qc5 40. Qf4 Ke8
41. Qe5+ Kd7 42. Bxd5 Qxc7 43. Bf4 Qxe5 44. Bxe5 Re8 45. Rxa7+ Kd8 46. Bc7+ Kd7
47. Bxf7 Rf8 48. Bxg6 Ke6 49. Bxe4 Rg8 50. Ra5 Kd7 51. Bf4 Re8 52. Re5 Rf8 53.
Re7+ Kd8 54. Bc7+ Kc8 55. Bf5+ Kb7 56. f7 Kc6 57. g6 Rh8 58. Be5 Rh5 59. f8=Q
Kd5 60. Qf7+ Kc5 61. Rc7+ Kb6 62. Bd4+ Kb5 63. Qd5+ Kb4 64. Rb7+ Ka4 65. Qb5#
1-0

[Event "Challenge"]
[Site "http://www.queenalice.com/game.php?id=1649197"]
[Date "2021.4.9"]
[Round "-"]
[White "Nigel68"]
[Black "Rovigo"]
[Result "0-1"]
[WhiteElo "1468"]
[BlackElo "1415"]

1. d4 e6 2. Nc3 Bb4 3. e4 Bxc3+ 4. bxc3 f5 5. e5 d6 6. Bd3 dxe5 7. dxe5 Nc6 8.
Qe2 a5 9. Nf3 h5 10. Bg5 Nge7 11. a4 O-O 12. Bb5 Bd7 13. Qc4 g6 14. O-O f4 15.
Bxf4 Nd5 16. Bg5 Nce7 17. Rab1 Bxb5 18. axb5 c6 19. Rfd1 cxb5 20. Qxb5 Qc7 21.
Qb3 Nxc3 22. Qxe6+ Rf7 23. Rd7 Qc6 24. Rxe7 Qxe6 25. Rxe6 Nxb1 26. Rxg6+ Rg7 27.
Rxg7+ Kxg7 28. Bf6+ Kf7 29. Ng5+ Kg6 30. Ne4 Kf5 31. f3 a4 32. Nd6+ Ke6 33. Ne8
Rxe8 34. f4 a3 0-1

[Event "Challenge"]
[Site "http://www.queenalice.com/game.php?id=1759538"]
[Date "2021.5.15"]
[Round "-"]
[White "Racey"]
[Black "Rovigo"]
[Result "0-1"]
[WhiteElo "1583"]
[BlackElo "1423"]

1. e4 e5 2. Qh5 Nc6 3. Bc4 g6 4. Qg4 d5 5. Qe2 dxc4 6. Qxc4 Qg5 7. Qf1 Nd4 8.
Na3 Bxa3 9. Kd1 Bg4+ 10. f3 Qf4 11. bxa3 Rd8 12. Ne2 Nxe2 13. Qxe2 Be6 14. Qb5+
Bd7 15. Qxb7 Nf6 16. Qxa7 Bh3 17. Qf2 Nxe4 18. Qe2 Nc3+ 19. Ke1 Nxe2 20. Kxe2
Bxg2 21. Rf1 Bxf1+ 22. Kxf1 Qxf3+ 23. Kg1 Qd1+ 24. Kf2 Rxd2+ 25. Bxd2 Qxa1 26.
Ba5 Qxa2 27. Kg3 Qxa3+ 28. Kg4 Qxa5 29. h4 f5+ 30. Kg5 Qd2+ 31. Kf6 Rf8+ 32.
Kxe5 f4 33. c4 f3 34. c5 f2 35. c6 f1=Q 36. Ke6 Qfe1# 0-1

[Event "Challenge"]
[Site "http://www.queenalice.com/game.php?id=1763656"]
[Date "2021.7.4"]
[Round "-"]
[White "Racey"]
[Black "Rovigo"]
[Result "1-0"]
[WhiteElo "1561"]
[BlackElo "1437"]

1. e4 e5 2. Qh5 Qf6 3. g4 g5 4. a4 c6 5. a5 Bc5 6. Nh3 Qf3 7. Rg1 Qxe4+ 8. Be2
Nf6 9. Qxg5 Ke7 10. c4 d6 11. Nc3 Qc2 12. Qg7 Rg8 13. Qh6 Bxg4 14. Bxg4 Nxg4 15.
Qh4+ f6 16. Rxg4 Rxg4 17. Qxg4 f5 18. Qg7+ Ke8 19. Qxb7 Qd3 20. Qxa8 Qxh3 21.
Qxb8+ Ke7 22. Qc7+ Ke6 23. Qxc6 Qxh2 24. Nd1 Qg1+ 25. Ke2 Qg4+ 26. Ke1 Qg1+ 27.
Ke2 Qg4+ 28. f3 Qg2+ 29. Kd3 e4+ 30. fxe4 Qf3+ 31. Ne3 Bxe3 32. dxe3 Qd1+ 33.
Kc3 Qe1+ 34. Kc2 Qe2+ 35. Kb1 Qd3+ 36. Ka2 fxe4 37. Qc8+ Ke5 38. Qe8+ Kf5 39.
Qc8+ Kg5 40. Qc7 d5 41. c5 Qc4+ 42. b3 Qc2+ 43. Ka3 Qc3 44. Bb2 Qxe3 45. Qxa7
Qf2 46. Qg7+ Kh4 47. Qxh7+ Kg3 48. Qg8+ Kf3 49. Qxd5 Qe2 50. Qh5+ Ke3 51. Qxe2+
Kxe2 52. c6 e3 53. c7 Kd2 54. c8=Q e2 55. Qc1+ Kd3 56. Qc3+ Ke4 57. Re1 Kf4 58.
Rxe2 Kf5 59. Qf3+ Kg5 60. Rg2+ Kh4 61. Bf6# 1-0

[Event "Let's Play Chess!"]
[Site "http://www.queenalice.com/game.php?id=1767075"]
[Date "2021.8.16"]
[Round "-"]
[White "charles31"]
[Black "Rovigo"]
[Result "1-0"]
[WhiteElo "1637"]
[BlackElo "1445"]

1. e4 e5 2. a3 Qf6 3. Nc3 Bc5 4. Nf3 d6 5. h3 Nc6 6. Bb5 a6 7. Ba4 b5 8. Bb3 Nd4
9. d3 Nxf3+ 10. Qxf3 Qxf3 11. gxf3 b4 12. axb4 Bd4 13. Nd5 Kd8 14. c3 Bb6 15.
Nxb6 cxb6 16. Bxf7 Nh6 17. Bxh6 gxh6 18. h4 Rf8 19. Bd5 Rxf3 20. Bxa8 Rxd3 21.
Ke2 Rh3 22. Rxh3 Bxh3 23. Rxa6 Bg4+ 24. f3 Be6 25. Rxb6 Kd7 26. Bd5 Bh3 27. Ke3
Bg2 28. Rb7+ Kc8 29. Rxh7 Bf1 30. Rxh6 Bb5 31. Rxd6 Be8 32. c4 Kc7 33. Re6 Kd7
34. Rxe5 Kd6 35. Rxe8 1-0

[Event "Challenge"]
[Site "http://www.queenalice.com/game.php?id=1769661"]
[Date "2021.9.12"]
[Round "-"]
[White "Racey"]
[Black "Rovigo"]
[Result "0-1"]
[WhiteElo "1572"]
[BlackElo "1424"]

1. e4 e5 2. Bc4 Nf6 3. Qf3 d6 4. a4 Bg4 5. Qe3 Nc6 6. h4 Nb4 7. Na3 c5 8. Bb5+
Nd7 9. Qg3 h5 10. c4 a6 11. Bxd7+ Qxd7 12. Qb3 g6 13. a5 Qc6 14. Qe3 Qa4 15. f3
Bh6 16. Qc3 Be6 17. Ne2 f5 18. exf5 gxf5 19. Ng3 Rg8 20. Nxh5 Rxg2 21. Nf6+ Kf7
22. Kf1 Rg6 23. Nh5 d5 24. cxd5 Bxd5 25. Qxc5 Rc6 26. Qf2 Nc2 27. Rb1 Ba2 28. b3
Bxb3 29. Bb2 Bxd2 30. Qxd2 Nxa3 31. Re1 Rc2 32. Qh6 Qc4+ 33. Kg1 Qc5+ 34. Re3
Rxb2 35. Qf6+ Ke8 36. Ng7+ Kd7 37. Qxf5+ Kc6 38. Qe4+ Bd5 39. Qxe5 Nc4 40. Qf6+
Kb5 41. Qc3 Rf8 42. Kf1 Nxe3+ 43. Qxe3 Qxe3 44. Nf5 Qc1# 0-1

[Event "Let's Play Chess!"]
[Site "http://www.queenalice.com/game.php?id=1769759"]
[Date "2021.9.13"]
[Round "-"]
[White "AleLima"]
[Black "Rovigo"]
[Result "1-0"]
[WhiteElo "1665"]
[BlackElo "1424"]

1. e4 e5 2. Nf3 d6 3. d4 Bg4 4. dxe5 dxe5 5. Qxd8+ Kxd8 6. Nxe5 Be6 7. Be2 Bb4+
8. c3 Ba5 9. O-O Nc6 10. Rd1+ Ke7 11. Nxc6+ bxc6 12. Bf4 Nf6 13. Nd2 Bg4 14. f3
Be6 15. Bc4 Bxc4 16. Nxc4 Bb6+ 17. Be3 Bxe3+ 18. Nxe3 Rad8 19. Nf5+ Kf8 20.
Rxd8+ Ne8 21. Rad1 g6 22. Nh6 Kg7 23. Ng4 h5 24. Ne5 f6 25. Nxc6 a6 26. R1d7+
Kh6 27. Re7 f5 28. Rdxe8 Rxe8 29. Rxe8 Kg7 30. Re7+ Kf6 31. e5+ Kg5 32. Rxc7 Kf4
33. e6 1-0